UK Number One Hits Of The 1990's - Statistics

General Stats
  • This quiz has been taken 188 times
  • The average score is 114 of 213
Answer Stats
Answer % Correct
Nothing Compares 2 U Sinead O'Connor
97%
Five Live George Michael & Queen with Lisa Stansfield
96%
Frozen | Vogue Madonna
96%
Bohemian Rhapsody/These Are The Days Of Our Lives | Innuendo Queen
96%
Black Or White | Blood On The Dance Floor | Earth Song | You Are Not Alone Michael Jackson
94%
2 Become 1 | Goodbye | Mama/Who Do You Think You Are | +5 others Spice Girls
94%
Ice Ice Baby Vanilla Ice
93%
My Heart Will Go On | Think Twice Celine Dion
92%
Candle In The Wind 1997/Something About The Way You Look Tonight | Sacrifice/Healing Hands Elton John
92%
Love Can Build A Bridge Cher, Chrissie Hynde & Neneh Cherry with Eric Clapton
90%
Fastlove | Jesus To A Child George Michael
89%
Livin' La Vida Loca Ricky Martin
89%
Believe | The Shoop Shoop Song (It's In His Kiss) Cher
88%
Barbie Girl | Doctor Jones | Turn Back Time Aqua
87%
All Around The World | D'You Know What I Mean? | Don't Look Back In Anger | Some Might Say Oasis
87%
I Will Always Love You Whitney Houston
86%
Baby One More Time Britney Spears
85%
Gangsta's Paradise Coolio ft L.V
85%
(Everything I Do) I Do It For You Bryan Adams
83%
Mmmbop Hanson
83%
Genie In A Bottle Christina Aguilera
82%
Men In Black Will Smith
82%
Don't Let The Sun Go Down On Me George Michael & Elton John
80%
I'd Do Anything For Love (But I Won't Do That) Meat Loaf
80%
Babe | Back For Good | Everything Changes | +4 others Take That
80%
Relight My Fire Take That & Lulu
80%
Millenium | She's The One/It's Only Us Robbie Williams
77%
Don't Speak No Doubt
76%
Killing Me Softly | Ready Or Not Fugees
74%
I Want It That Way Backstreet Boys
73%
Should I Stay Or Should I Go The Clash
72%
Beetlebum | Country House Blur
71%
I Believe I Can Fly R.Kelly
71%
Boombastic | Oh Carolina Shaggy
68%
Mr Blobby Mr Blobby
67%
Teletubbies Say Eh-Oh Teletubbies
67%
Breathe | Firestarter The Prodigy
67%
All That She Wants Ace Of Base
66%
Discotheque | The Fly U2
65%
A Different Beat | All That I Need | No Matter What | +3 others Boyzone
63%
Mambo No 5 (A Little Bit Of...) Lou Bega
63%
Praise You Fatboy Slim
62%
Goodnight Girl | Love Is All Around Wet Wet Wet
62%
Do The Bartman The Simpsons
61%
The Drugs Don't Work The Verve
61%
Flying Without Wings | I Have A Dream/Seasons In The Sun | If I Let You Go | Swear It Again Westlife
61%
Hangin' Tough New Kids On The Block
60%
Boom Boom Boom Boom!! | We're Going To Ibiza Vengaboys
60%
Millenium Prayer | Saviour's Day Cliff Richard
57%
Bootie Call | Never Ever | Under The Bridge/Lady Marmalade All Saints
56%
3 Lions 98 | Three Lions Baddiel, Skinner & The Lightning Seeds
56%
Pretty Fly (For A White Guy) The Offspring
55%
Stay Another Day East 17
54%
Rhythm Is A Dancer | The Power Snap!
53%
Heartbeat/Tragedy Steps
53%
Chocolate Salty Balls (P.S I Love You) Chef
52%
Without You Mariah Carey
52%
If You Tolerate This, Your Children Will Be Next Manic Street Preachers
51%
I'll Be Missing You Puff Daddy & Faith Evans ft 112
50%
Maria Blondie
48%
Brimful Of Asha Cornershop
48%
Breakfast At Tiffany's Deep Blue Something
48%
Ooh Ahh... Just A Little Bit Gina G
48%
Tears On My Pillow Kylie Minogue
48%
Cotton Eye Joe Rednex
48%
The Joker Steve Miller Band
48%
Blame It On The Weatherman | C'est La Vie | Rollercoaster | To You I Belong B*witched
47%
Things Can Only Get Better D:Ream
47%
End Of The Road Boyz II Men
46%
Bring Your Daughter.. To The Slaughter Iron Maiden
46%
The Most Beautiful Girl In The World Prince
46%
Unchained Melody The Righteous Brothers
46%
Blue (Da Ba Dee) Eiffel 65
45%
Saturday Night Whigfield
45%
The One And Only Chesney Hawkes
44%
Deeply Dippy Right Said Fred
44%
Fairground Simply Red
44%
(I Can't Help) Falling In Love With You UB40
44%
Lift Me Up | Mi Chico Latino Geri Halliwell
43%
When You Say Nothing At All Ronan Keating
43%
Any Dream Will Do Jason Donovan
42%
I Believe/Up On The Roof | Unchained Melody/White Cliffs Of Dover | What Becomes Of The Brokenhearted/Saturday Night At The Movies/You'll Never Walk Alone Robson & Jerome
40%
Bring It All Back S Club 7
40%
Ebeneezer Goode The Shamen
40%
Do They Know It's Christmas? Band Aid II
39%
Return Of The Mack Mark Morrison
38%
No Limit 2 Unlimited
37%
Because We Want To | Girlfriend Billie Piper
36%
Keep On Movin Five
35%
It's Like That Run DMC vs Jason Nevins
35%
Fly Away Lenny Kravitz
34%
Sleeping Satellite Tasmin Archer
34%
3AM Eternal The KLF
34%
Killer Adamski
33%
Dreams Gabrielle
33%
Block Rockin' Beats The Chemical Brothers
33%
Spaceman Babylon Zoo
32%
Professional Widow (It's Got To Be Big) Tori Amos
32%
Would I Lie To You? Charles & Eddie
31%
Abba-Esque Erasure
31%
I Wanna Be The Only One Eternal ft Bebe Winans
31%
Deeper Underground Jamiroquai
31%
Dizzy Vic Reeves & The Wonder Stuff
30%
Living On My Own Freddie Mercury
29%
Stay Shakespears Sister
29%
A Little Time The Beautiful South
28%
Your Woman White Town
28%
Doop Doop
26%
Everybody's Free (To Wear Sunscreen) Baz Luhrmann
25%
I Wanna Sex You Up Color Me Badd
25%
Sadness (Part 1) Enigma
25%
Mr Vain Culture Beat
24%
The Stonk Hale And Pace & The Stonkers
24%
King Of My Castle Wamdue Project
24%
9pm (Til I Come) ATB
23%
Young At Heart The Bluebells
23%
Boom! Shake The Room DJ Jazzy Jeff & The Fresh Prince
22%
You Make Me Wanna Usher
22%
Perfect Day Various Artists
22%
Perfect Moment Martine McCutcheon
21%
Flat Beat Mr Oizo
21%
Forever Love | Love Won't Wait Gary Barlow
20%
Show Me Heaven Maria McKee
20%
You're Not Alone Olive
20%
Freak Me Another Level
19%
Dub Be Good To Me Beats International
19%
World In Motion Englandneworder
19%
Sweet Like Chocolate Shanks & Bigfoot
19%
Ain't No Doubt Jimmy Nail
18%
Flava | I Feel You Peter Andre
18%
Boom Boom Boom | Don't Stop (Wiggle Wiggle) The Outhere Brothers
18%
Inside Stiltskin
14%
A Little Bit More 911
13%
Let Me Be Your Fantasy Baby D
13%
Baby Come Back Pato Banton ft Ali & Robin Campbell
13%
Feel It The Tamperer ft Maya
13%
You Don't Know Me Armand Van Helden ft Duane Harden
12%
Ain't Nobody LL Cool J
12%
Please Don't Go KWS
11%
Itsy Bitsy Teenie Weenie Yellow Polka Dot Bikini Bombalurina
10%
Twist And Shout Chaka Demus & Pliers ft Jack Radics & Taxi Gang
10%
Knockin' On Heaven's Door Dunblane
10%
Dreamer Livin' Joy
10%
I Want You Back Melanie B ft Missy Elliott
10%
Turtle Power Partners In Kryme
9%
Come On You Reds Manchester United F.C
7%
Gym And Tonic Spacedust
7%
The Real Thing Tony Di Bart
5%
No matching quizzes found
Score Distribution
Percent of People with Each Score
Percentile by Number Answered
Your Score History
You have not taken this quiz